Mathematical programming in practice

Αποθηκεύτηκε σε:
Λεπτομέρειες βιβλιογραφικής εγγραφής
Κύριος συγγραφέας: Beale, E. M. L. (Evelyn Martin Lansdowne)
Μορφή: Βιβλίο
Γλώσσα:English
Δημοσίευση: London : Pitman, 1971, c1968
Έκδοση:1st. ed., Repr.
Σειρά:Topics in operational research
Θέματα:
Ετικέτες: Προσθήκη ετικέτας
Δεν υπάρχουν, Καταχωρήστε ετικέτα πρώτοι!

MARC

LEADER 00000cam a2200000 i 4500
001 1/18391
008 120314r19711968 eng d
020 |a 0273402447 
035 |l 10112055 
040 |a GR-MY-UA  |b gre  |e aacr 
041 0 |a eng 
082 0 |a 519.7  |2 (22) 
100 1 |a Beale, E. M. L.   |q (Evelyn Martin Lansdowne) 
245 1 0 |a Mathematical programming in practice /  |c [by] E. M. L. Beale 
250 |a 1st. ed., Repr. 
260 |a London :   |b Pitman,   |c 1971, c1968 
300 |a xi, 195 σ.;  |c 22 εκ. 
490 1 |a Topics in operational research 
500 |a "Based on lectures given on a nine-week course on operational research run by C-E-I-R Ltd." 
650 0 0 |a Programming (Mathematics) 
830 0 |a Topics in operational research 
852 |a INST  |b SAMOS  |e 20120314  |h 519.7 BEA  |p 005300033961  |q 005300033961  |t BK  |y 0 
901 |a BIBL3-2012-1 
909 |a Σ  |b 172142 
970 |a ΓΟΥΒΑΛΑ  |b ΒΑΣΩ  |z 2012/03/14